Productivity improvement programs in construction /

Bibliographic Details
Main Author: Sanvido, Victor Ernest
Corporate Author: Stanford University. Department of Civil Engineering
Format: Book
Language:English
Published: Stanford : Department of Civil Engineering, Stanford University, 1983.
Series:Technical report (Stanford University. Department of Civil Engineering) ; no. 273.
Subjects:

MARC

Tag First Indicator Second Indicator Subfields
LEADER 00000cam a2200000 a 4500
001 in00000782221
005 20151017054452.0
008 880817s1983 caud t 00010 eng d
035 |a (OCoLC)18363996 
035 |9 ADL8705AM 
040 |a TXA  |c TXA  |d UtOrBLW 
049 1 |a TXA2 
090 |a TA1145  |b .S7 no. 273 
100 1 |a Sanvido, Victor Ernest. 
245 1 0 |a Productivity improvement programs in construction /  |c by Victor Ernest Sanvido. 
264 1 |a Stanford :  |b Department of Civil Engineering, Stanford University,  |c 1983. 
300 |a viii, 123 pages :  |b charts ;  |c 28 cm. 
336 |a text  |b txt  |2 rdacontent 
337 |a unmediated  |b n  |2 rdamedia 
338 |a volume  |b nc  |2 rdacarrier 
490 1 |a Technical report ;  |v no. 273 
650 0 |a Construction industry  |x Management. 
650 0 |a Industrial productivity. 
710 2 |a Stanford University.  |b Department of Civil Engineering. 
830 0 |a Technical report (Stanford University. Department of Civil Engineering) ;  |v no. 273. 
999 |a MARS 
999 f f |s 715f3ffe-cd2c-3962-82a9-49802d9cbb94  |i 8ac1bfa9-4186-3cce-b2d3-17e7cb05d4bb  |t 0 
952 f f |p normal  |a Texas A&M University  |b College Station  |c Sterling C. Evans Library  |d Evans: Library Stacks  |t 0  |e TA1145 .S7 no.273  |h Library of Congress classification  |i unmediated -- volume  |m A14809950225 
998 f f |a TA1145 .S7 no.273  |t 0  |l Evans: Library Stacks